Culture Générale Série 418 - Statistiques

Statistiques générales
  • Ce quiz a été pris 544 fois
  • Le résultat moyen est 7 sur 10
Statistiques - réponses
Question Réponse % Correct
Quel volcan italien ensevelit la ville de Pompéi le 24 août 79 ? Le Vésuve
97%
Quel dictateur romain a été trahi par celui qu'il considérait comme son fils, Marcus Brutus ? Jules César
93%
En France, à quelle date fête-t-on l'anniversaire de l'armistice de 1918 ? Le 11 novembre
93%
Quel volcan est situé au nord-est de la Sicile ? L'Etna
90%
Quel homme politique français appelle-t-on souvent DSK ? Dominique Strauss-Kahn
76%
Dans le film "Le Dîner de cons", quel est le prénom du personnage incarné par Francis Huster ? Just
60%
Quelle femme politique française est surnommée MAM ? Michèle Alliot-Marie
55%
Comment se prénomme la femme de Babar, le roi des éléphants de la littérature enfantine ? Céleste
54%
Qui a assassiné le révolutionnaire Jean-Paul Marat dans sa baignoire ? Charlotte Corday
44%
Quel artiste, à la demande d'André Malraux, a peint le plafond sous la coupole de l'Opéra Garnier en 1964 ? Marc Chagall
25%
Aucun quiz correspondant
Distribution des résultats
% des personnes avec chaque résultat
Percentile par nombre de réponses
Votre historique - résultats
Vous n’avez pas pris ce quiz